| 000 | 00514nam a2200121Ia 4500 | ||
|---|---|---|---|
| 008 | 220620s9999||||xx |||||||||||||| ||und|| | ||
| 100 | _aJørgensen, Sveinung||Pedersen, Lars Jacob Tynes | ||
| 245 | 0 | _aRESTART Sustainable Business Model Innovation | |
| 546 | _aEnglish[eng] | ||
| 650 | _aBusiness||Management science||Industrial management—Environmental aspects||Social responsibility of business||Leadership | ||
| 856 | _uhttps://library.oapen.org/bitstream/20.500.12657/23128/1/1007028.pdf | ||
| 942 | _cEB | ||
| 999 |
_c30743 _d30743 |
||